• 首页
  • 本馆介绍
  • 公告通知
  • 最新文献
  • 馆藏检索
  • 电子资源
  • 读者导购
  • 参考咨询
  • 我的图书馆
  • 登录
  • 详细信息显示
  • 放入我的书架
  • 预约/预借图书
  • 作者相关作品
  • 分类相关作品
  • 丛书相关作品
  • 出版社相关作品

书目信息

  • 表格格式
  • 工作单格式
  • 卡片格式
题名:
放射化学实验
    
 
作者: 叶明吕 主编
分册:  
出版信息: 北京   原子能出版社  1983
页数: 357页
开本: 19cm
丛书名:
单 册:
中图分类: O615-33
科图分类:
主题词: 放射化学--实验--高等学校--教材
电子资源:
ISBN:
000 00641nam0 2200241 45
001 0183012293
005 20060816092424.65
010    @dCNY1.20
091    @aCN@b15175.462
100    @a19950222d1983 em y0chiy0121 ea
101 0  @achi
102    @aCN@b110000
105    @ay z 000yy
200 10 @a放射化学实验@Afang she hua xue shi yan@f叶明吕主编
210    @a北京@c原子能出版社@d1983
215    @a357页@d19cm
300    @a高等学校试用教材
606    @a放射化学@x实验@x高等学校@x教材
690    @aO615-33@v3
701  0 @a叶明吕@Aye ming lv@4主编
801  2 @aCN@bNLC@c20060816
801  0 @aCN@bTSSF
905    @a10447@dO615-33@e10
    
    放射化学实验/叶明吕主编.-北京:原子能出版社,1983
    357页;19cm
    高等学校试用教材
    
    ISBN :CNY1.20
    
●
相关链接 在E读中查询图书 在五车中查询图书 在当当中查询图书 在豆瓣中查询图书


正题名:放射化学实验     索取号:O615-33/10         预约/预借

序号 登录号 条形码 馆藏地/架位号 状态 备注
1 0461754   204617548   密集书库/ [索取号:O615-33/10] 在馆    
唐山师范学院图书馆 欢迎您!
大连网信软件有限公司© 版权所有